Ghana Investment Promotion Centre Act 1994 : Act 478.
| Format: | Book |
|---|---|
| Published: |
Accara:
Ghana Investment Promotion Centre,
1994.
|
| Subjects: |
| LEADER | 00463cam a2200157 7i4500 | ||
|---|---|---|---|
| 001 | 0000006326 | ||
| 005 | 19991025090000.0 | ||
| 002 | ##000008007 | ||
| 020 | 0 | 0 | |a T000006145 |
| 090 | 0 | 0 | |a GHAN 332.6 |b GHA |
| 245 | 0 | 0 | |a Ghana Investment Promotion Centre Act 1994 : |b Act 478. |
| 260 | 0 | 0 | |a Accara: |b Ghana Investment Promotion Centre, |c 1994. |
| 300 | 0 | 0 | |a 17 p.. |
| 650 | 0 | 0 | |a Investments -- |z Ghana |
| 651 | 0 | 0 | |a Ghana |
| 999 | |a 000000GHA |b Book |c Open shelf |e Business Information Centre | ||